000 00717nam a2200229Ia 4500
003 GCL
008 140319s9999 xx 000 0 ara d
040 _aGCL /
_cGCL
082 0 4 _aق
_b913.031
_bم ح
100 1 _aمصطفى عامر
245 1 0 _aحفايرالجامعة المصرية فىالمعادى بعض نتائج الحفر فى المواسم الخمسة الاولى 1930 - 1935 /
_cمصطفى عامر
300 _a170 ص ؛
_c12 سم
490 _a
650 0 4 _aمصر
650 0 4 _aمصر القديمة
650 0 4 _aالاثار
650 0 4 _aالقاهرة
650 0 4 _aالحفريات الاثرية
650 0 4 _aالمعادى
650 0 4 _aالتنقيب
942 _2ddc
_cBK
999 _c36534
_d36534